000 01748cam a2200421 i 4500
001 17449746
003 EG-ScBUE
005 20241009142911.0
008 120831t2013 nyua f 001 0 eng d
020 _a9780071795531 (pbk : acid-free paper)
020 _a0071795537 (pbk : acid-free paper)
040 _aDLC
_beng
_erda
_cDLC
_dEG-ScBUE
082 0 4 _a515.076
_bAYR
_222
100 1 _aAyres, Frank,
_d1901-1994‏,
_eauthor.
_928291
245 1 0 _aSchaum's outlines calculus /
_cFrank Ayres, former professor and Head of the Department of Mathematics, Dickinson College, Elliot Mendelson, professor of mathematics, Queens College.
250 _aSixth edition.
264 1 _aNew York :
_bMcGraw-Hill,
_c[2013]
264 4 _cc2013
300 _axii, 534 pages :
_billustrations ;
_c28 cm.
336 _2rdacontent
_atext
_btxt
337 _aunmediated
_2rdamedia
_bn
338 _avolume
_bnc
_2rdacarrier
490 0 _aSchaum’s outline series
500 _aRevision of : Schaum's outline of theory and problems of differential and integral calculus. 3rd ed. c1990.
500 _aIncludes index.
500 _aIncludes appendixs.
500 _aUse with these coureses : Calculus I - Calculus II - Calculus III - AP Calculus - Precalculus.
650 7 _aCalculus
_vOutlines, syllabi, etc.
_2BUEsh
_941233
650 7 _aCalculus
_vProblems, exercises, etc.
_2BUEsh
_936748
651 _2BUEsh
653 _bENGELC
_cSeptember2016
655 _vReading book
_934232
700 1 _aMendelson, Elliott‏,
_eauthor.
_941234
906 _a7
_bcbc
_corigcop
_d3
_eepcn
_f20
_gy-gencatlg
942 _2ddc
_cBB
999 _c22406
_d22378